Tiché spoločenstvo ako forma podnikania bakalárska práca

Gespeichert in:
Bibliographische Detailangaben
1. Verfasser: Franeková, Dominika
Körperschaft: Fakulta podnikového manažmentu EU. Katedra podnikovohospodárska
Weitere Verfasser: Hrušovská, Dana, 1964-
Format: Buch
Sprache:Slowakisch
Veröffentlicht: Bratislava 2011
Tags: Tag hinzufügen
Keine Tags, Fügen Sie das erste Tag hinzu!

MARC

LEADER 00000nbm a2200000 4500
001 0131367
005 20161109111420.2
041 0 |a slo 
044 |a SK 
245 1 0 |a Tiché spoločenstvo ako forma podnikania  |b bakalárska práca  |c Dominika Franeková ; školiteľ: Dana Hrušovská 
264 1 |a Bratislava  |c 2011 
300 |a 37 s. 
100 1 |a Franeková, Dominika 
700 1 |a Hrušovská, Dana, 1964- 
710 2 |a Fakulta podnikového manažmentu EU. Katedra podnikovohospodárska